| 000 | 01477nam a2200337 a 4500 | ||
|---|---|---|---|
| 999 |
_c439955 _d439955 |
||
| 003 | BLK | ||
| 005 | 20250405101016.0 | ||
| 008 | 211214b bul|||||r ||||||| ||bul|| | ||
| 020 | _a9789547695191 | ||
| 040 | _aBLK | ||
| 041 |
_aBUL _cBUL |
||
| 080 |
_aНервна система. Сетивни органи _b612.8 _z612.8 |
||
| 080 |
_aРазвитие на психиката и способностите. Сравнителна психология _b159.92 _z159.92 |
||
| 100 | 1 |
_aГупта, Санджей _eпърви автор _9327625 |
|
| 139 |
_aГупта, Санджей и др. _bГ 92 |
||
| 245 | 1 | 0 |
_aБудният ум _bКак да развиваме ума си на всяка възраст _cСанджей Гупта, Кристин Лобърг; прев. от англ. Надежда Розова. |
| 257 | _aUSA | ||
| 260 |
_aСофия _bОбсидиан _c2021 _9209460 _n978-954-769- ; 954-8240- |
||
| 300 |
_a399 с. _c20 см |
||
| 380 | _a61 | ||
| 500 | _aОриг. загл. Keep sharp : build a better brain at any age/ Sanjay Gupta. | ||
| 650 | 7 |
_9162609 _aМозък - функции |
|
| 653 | 7 |
_aконтрол на ума _9189112 |
|
| 700 | 1 |
_aЛобърг, Кристин _eсъавт. _989323 |
|
| 700 |
_aРозова, Надежда Иванова _9366022 |
||
| 852 |
_aЦб 313137 _bЦб |
||
| 856 | 4 | _qpdf | |
| 856 | 4 | _qpdf | |
| 942 |
_cKNG _n0 _037 _s1 |
||
| 944 |
_aCR _c2021-12-14 _k30575 _lМартин Енчев |
||